Physical chemistry

Main Author: Silbey, Robert J. (Author)
Other Authors: Alberty, Robert A.
Published: New York, NY: John Wiley & Sons, Inc., [2001].
Edition:Third edition.
Subjects:
LEADER 01322cam a2200349 7i4500
001 0000014015
005 20200903090000.0
008 200903t20012001nyua ### #00001eng##
020 # # |a 9780471383116  
020 # # |a 0471383112  
040 # # |a UMT 
090 0 0 |a QD 453.2   |b .S5 2001 
100 1 # |a Silbey, Robert J.   |e author  
245 1 0 |a Physical chemistry   |c Robert J. Silbey, Robert A. Alberty. 
250 # # |a Third edition. 
264 # 1 |a New York, NY:   |b John Wiley & Sons, Inc.,   |c [2001]. 
264 # 4 |c ♭2001. 
300 # # |a vii, 969 pages:   |b illustratios;   |c 26 cm. 
336 # # |a text  |2 rdacontent 
337 # # |a unmediated  |2 rdamedia 
338 # # |a volume  |2 rdacarrier 
504 # # |a Includes bibliographical references and index 
650 0 0 |a Chemistry, physical and theoretical  
700 1 # |a Alberty, Robert A.  
999 |a 1000406501  |b Book  |c Open Shelf  |e KOLEKSI TERBUKA 
999 |a 1100000314  |b Book  |c Open Shelf  |e KOLEKSI TERBUKA 
999 |a 2000131059  |b Book  |c Open Shelf  |e KOLEKSI TERBUKA 
999 |a 1000405566  |b Book  |c Open Shelf  |e KOLEKSI TERBUKA 
999 |a 1000405565  |b Book  |c Open Shelf  |e KOLEKSI TERBUKA 
999 |a 1000405564  |b Book  |c Open Shelf  |e KOLEKSI TERBUKA 
999 |a 1000405562  |b Book  |c Open Shelf  |e KOLEKSI TERBUKA 
999 |a 1000405563  |b Book  |c Koleksi Buku Berbintik Merah (Red Spot)  |e KOLEKSI KHAS